Coupe du monde 2022 - 1ère journée - Statistiques

Statistiques générales
  • Ce quiz a été pris 222 fois
  • Le résultat moyen est 20 sur 32
Statistiques - réponses
Indice Réponse % Correct
Vainqueur du match Sénégal - Pays-Bas Pays-Bas
98%
Score de ce match 2-1
92%
Pays dans lequel il joue. Équateur
84%
Score de France-Australie 4-1
81%
Joueur français inscrivant un doublé Olivier Giroud
79%
Score du match 1-0
78%
Premier buteur de la compétition Enner Valencia
77%
Score du match 0-0
73%
Score de Maroc - Croatie 0-0
73%
Score d’Uruguay - Corée du Sud 0-0
73%
Gardien mexicain arrêtant un penalty de Robert Lewandowski Guilermo Ochoa
73%
Vainqueur d’Allemagne - Japon Japon
72%
Score d’Angleterre - Iran 6-2
70%
Ailier anglais inscrivant un doublé contre l’Iran Bukayo Saka
69%
Entraîneur de l’équipe gagnante d’Arabie Saoudite - Argentine Hervé Renard
69%
Adversaire du Danemark Tunisie
68%
Vainqueur de Ghana - Portugal Portugal
63%
Sur quel score ? 0-2
60%
Score d’Espagne - Costa Rica 7-0
60%
Gardien danois Kasper Schmeichel
59%
Citez un attaquant uruguayen titulaire Luis Suarez
59%
Vainqueur de Suisse - Cameroun Suisse
59%
Joueur qui a ouvert le score Cristiano Ronaldo
57%
Favori de la compétition Brésil
52%
Buteur sur penalty lors de ce match Gareth Bale
50%
Citez un des buteurs espagnols Gavi
49%
Gardien marocain titulaire Yassin Bono
49%
Nationalité de Jamal Musiala Allemande
48%
Deuxième match du groupe B États-Unis - Pays de Galles
41%
Capitaine de cette équipe Thiago Silva
40%
Joueur qui marqué Breel Embolo
34%
Unique buteur de Belgique - Canada Michy Batshuayi
9%
Aucun quiz correspondant
Distribution des résultats
% des personnes avec chaque résultat
Percentile par nombre de réponses
Votre historique - résultats
Vous n’avez pas pris ce quiz